Seguro como medio de protección patrimonial en los supermercados de la provincia Sánchez Ramírez/Pamela Espino Fabián, Greina Rosanna López Acosta y Jennifer Rondón Reynoso; asesor Jorge Custodio Heredia (Registro nro. 18925)
[ vista simple ]
| 000 -LEADER | |
|---|---|
| fixed length control field | 01016nam a22002291a 4500 |
| 001 - CONTROL NUMBER | |
| control field | 18925 |
| 003 - CONTROL NUMBER IDENTIFIER | |
| control field | OSt |
| 005 - DATE AND TIME OF LATEST TRANSACTION | |
| control field | 20260204212429.0 |
| 008 - FIXED-LENGTH DATA ELEMENTS--GENERAL INFORMATION | |
| fixed length control field | 181025s2018||||dr ||||||b||||||||||spa|| |
| 090 ## - LOCALLY ASSIGNED LC-TYPE CALL NUMBER (OCLC); LOCAL CALL NUMBER (RLIN) | |
| Classification number (OCLC) (R) ; Classification number, CALL (RLIN) (NR) | CON 2018 E76 |
| 100 1# - ASIENTO PRINCIPAL -- NOMBRE PERSONAL | |
| Personal name | Espino Fabián, Pamela |
| Relator term | sustentante |
| 245 1# - TÍTULO PROPIAMENTE DICHO: SUBTÍTULO | |
| Title | Seguro como medio de protección patrimonial en los supermercados de la provincia Sánchez Ramírez/Pamela Espino Fabián, Greina Rosanna López Acosta y Jennifer Rondón Reynoso; asesor Jorge Custodio Heredia |
| 260 ## - PUBLICATION, DISTRIBUTION, ETC. | |
| Place of publication, distribution, etc. | Cotuí, República Dominicana : |
| Name of publisher, distributor, etc. | UTECO, |
| Date of publication, distribution, etc. | 2018 |
| 264 ## - PRODUCTION, PUBLICATION, DISTRIBUTION, MANUFACTURE, AND COPYRIGHT NOTICE | |
| Place of production, publication, distribution, manufacture | Cotuí:El Autor |
| 300 ## - PHYSICAL DESCRIPTION | |
| Extensión | 60 hojas |
| 502 ## - THESIS NOTE | |
| Dissertation note | Trabajo de grado (Licenciatura en Contabilidad)--Universidad Tecnológica del Cibao Oriental, 2018 |
| 504 ## - BIBLIOGRAPHY, ETC. NOTE | |
| Bibliography, etc. note | Incluye referencia bibliográfica e índice |
| 650 ## - ASIENTO SECUNDARIO DE MATERIA -- TERMINO TOPICO | |
| Asiento secundario de materia | Seguro como medio de protección patrimonial--Contabilidad |
| 700 1# - ASIENTO SECUNDARIO -- NOMBRE PERSONAL | |
| Personal name | Custodio Heredia, Jorge |
| Relator term | asesor |
| 830 ## - ASIENTO SECUNDARIO DE SERIE - TÍTULO UNIFORME | |
| Uniform title | Tesis y disertaciones académicas (Universidad Tecnológica del Cibao Oriental) |
| 942 ## - ADDED ENTRY ELEMENTS (KOHA) | |
| Source of classification or shelving scheme | Clasificación Local |
| Koha item type | Tesis |
| Withdrawn status | Lost status | Source of classification or shelving scheme | Damaged status | Not for loan | Collection code | Home library | Current library | Shelving location | Date acquired | Inventory number | Total Checkouts | Full call number | Barcode | Date last seen | Copy number | Price effective from | Koha item type |
|---|---|---|---|---|---|---|---|---|---|---|---|---|---|---|---|---|---|
| Clasificación Local | Préstamo Interno | Trabajos de Grado e Investigación | Biblioteca UTECO | En Estantería | 09/09/2019 | CT-2018-006 | CON 2018 E76 | CT-2018-006 | 09/09/2019 | Ej.1 | 09/09/2019 | Tesis |
